000 00714nam a2200229 i 4500
001 7895
003 ES-MaACL
005 20230906145333.0
007 t|
008 910521s1989 sp ||||1| spa d
020 _a84-03-33105-3
080 _a72.031
100 1 _aGuidoni, Enrico.
_960659
245 1 0 _aArquitectura primitiva /
_cEnrico Guidoni.
260 _aMadrid :
_bAguilar/Asuri,
_ccop. 1989.
300 _a238 p., [24] p. de il. :
_bprincipalmente il. ;
_c25 cm.
490 1 _aHistoria universal de la arquitectura
650 1 4 _aArquitectura primitiva.
_910047
830 0 _aHistoria universal de la arquitectura
_9177982
852 _aES-MaACL
_jL-15129
_bR.119465
_z. - cart.
999 _c7895
_d7895